000
00320nam a22001337a 4500
008
171011b xxu||||| |||| 00| 0 eng d
020
_a
9780791419168
041
_a
eng
080
_a
316
100
_a
50
101
_a
SOC
245
_a
ETHICAL AND SOCIAL ISSUES IN PROFESSIONAL EDUCATION
_c
BRODY,C.M
942
_2
udc
_c
BK
999
_c
33150
_d
33150